01646nam a2200277 a 450000100100000000500170001000800410002702000180006804000250008608200180011110000310012924500920016026000360025230000210028850000560030950400320036550504190039759000260081665000430084265000600088591000370094595201310098295201160111395201220122999900170135100002826720200930031507.0110407s2010 dr 001 0 spa d a9789945874525 aDO-SdBNPbspacBNPHU a616.84bS232o1 aSantana, Rolando A.95526410aObjetividad y subjetividad en la evaluación neuropsicológica /cRolando A. Santana. aSanto Domingo :bBúho,c2010. a199 p. ;c22 cm. aIncluye datos biográficos del autor en la solapa. aBibliografía : p. 113-1190 gPrólogo --tLa evaluación neuropsicológica como la integración de lo singular, lo particular y lo general --tLa evaluación neuropsicológica como relación psicoterapéutica --tLa insuficiencia del enfoque psicométrico en la evaluación neuropsicológica --tEl problema de las normas en la evaluación neuropsicológica --tLa evaluación neuropsicológica --gConclusiones --gReferencias. aInventariado, 2018/LP 4aNeuropsicologíaxEvaluación955265 4aEvaluación de resultados (atención médica)955266 aValidado. Control de calidad EMS 001054708DSaGRbGRcHDd2011-04-07iLF1l0o616.84 S232op28267-30r2020-06-25te. 3w2020-06-25yLFDSZPréstamo en sala 0010718PDaPDbPDcHDd2011-04-07iLF1l0o616.84 S232op28267-10r2020-06-25w2020-06-25yLFPDZNo se presta 0010718PDaPDbPDcHDd2011-04-07iLF1l0o616.84 S232op28267-20r2020-06-25te. 2w2020-06-25yLFPDZNo se presta c27759d27759